00325nam a2200133Ia 4500008004100000041000800041082001400049100001800063245001900081250001400100260003300114300003300147365001100180240624s9999 xx 000 0 und d aeng a338.5 BES aBESANKO DAVID aMICROECONOMICS a(4th ed.) c2011aNew DelhibWiley India axxiii, : 792 : p. : cm. ; 23 cRSb31